[Event "SVK-ch U16"]
[Site "Stara Lubovna"]
[Date "2021.07.03"]
[Round "9"]
[White "Orgon, Patrik"]
[Black "Selvek, Jan"]
[Result "1-0"]
[WhiteElo "1666"]
[BlackElo "1325"]
[PlyCount "59"]
[EventDate "2021.06.26"]
[EventType "swiss"]
[EventRounds "9"]
[EventCountry "SVK"]
[SourceTitle "CBM 203 Extra"]
[Source "ChessBase"]
[SourceDate "2021.09.30"]
[SourceVersion "1"]
[SourceVersionDate "2021.09.30"]
[SourceQuality "1"]

1. d4 d5 2. Nf3 Nc6 3. e3 Bf5 4. Bb5 e6 5. 0-0 Nf6 6. Ne5 Qd6 7. b3 a6 8. Ba3 Qd8 9. Bxc6+ bxc6 10. Nxc6 Qd7 11. Ne5 Qd8 12. Bxf8 Rxf8 13. Nd2 Ne4 14. Nxe4 Bxe4 15. f3 Bg6 16. c4 dxc4 17. bxc4 c5 18. Qa4+ Ke7 19. Nc6+ Kf6 20. Nxd8 Rfxd8 21. Rad1 cxd4 22. exd4 Rac8 23. Qa5 Rxc4 24. Qxd8+ Kf5 25. f4 f6 26. Qa5+ Kg4 27. h3+ Kh4 28. Qe1+ Kh5 29. g4+ Kh6 30. Qh4+ 1-0